00257 a2200121 4500001000700000020001800007040001100025100001800036240003500054245003000089300000700119362000900126191336 a85-86866-11-3 cMagnum aRocha, Gladys10aUma viagem inesquecívellpor10aUma viagem inesquecível a200 a1999